True or False - Click Quiz #1 - Statistics

General Stats
  • This quiz has been taken 90 times
    54 since last reset
  • The average score is 14 of 20
Answer Stats
Hint Explanation Answer % Correct
Sidney is the capital of Australia It's Canberra.
94%
The Sahara Desert is located in Australia. It's located in the north of Africa
91%
Princess Peach from Mario Bros always wears a pink dress.
87%
Pure honey never expires.
83%
Jupiter is the fifth planet from the sun
81%
Paella is a Spanish dish prepared with rice.
81%
James Bond's secret code is 001. It's 007
81%
The official language of Brazil is Spanish. It's Portuguese.
81%
The great sphinx of Egypt has a human body and a lion's head It's the other way around.
72%
In golf, a point above par is called a booger. It's called a bogey.
72%
Adam Levine is the main singer in Coldplay He's the leader of Maroon 5
68%
Katy Perry's real last name is Hudson
66%
Mikhail Gorbachev has a Nobel Peace Prize.
66%
Black is one of the five colors of the Olympic rings.
62%
A camel's hump is full of water. It is composed of fat.
60%
Macbeth was a real person.
55%
15x7=115 15x7=105
55%
The longest river in the United Kingdom is the Severn.
49%
Leonardo Da Vinci was born in a city called Vinci.
45%
The human sneeze can travel at 300 miles per hour. The fastest recorded sneeze reached 99.4 miles per hour.
38%
No matching quizzes found
Score Distribution
Percent of People with Each Score
Percentile by Number Answered
Your Score History
You have not taken this quiz since the last reset